The omen / 11:11 Mediaworks ; Twentieth Century ... Read More
Available copies
- 0 of 1 copy available at LARL/NWRL Consortium.
Current holds
0 current holds with 1 total copy.
Show Only Available Copies
| Location | Call Number / Copy Notes | Barcode | Shelving Location | Status | Due Date |
|---|---|---|---|---|---|
| Roseau Public Library | DVD OME (Text) | 35500005538069 | Main | Checked out | 06/24/2026 |
Record details
- ISBN: 9786310486116
- Physical Description: 1 videodisc (110 min.) : sd., col. ; 4 3/4 in.
- Edition: Full screen ed.
- Publisher: Beverly Hills, Calif. : 20th Century Fox Home Entertainment, 2006.
Content descriptions
| General Note: | Special features: Never-before-seen alternate ending; Extended scenes; Director commentary; ... Read More |
| Restrictions on Access Note: | For private home use only. |
| Creation/Production Credits Note: | Director of photography, Jonathan Sela ; editor, ... Read More |
| Participant or Performer Note: | Liev Schreiber, Julia Stiles, Mia Farrow, Giovanni ... Read More |
| Summary, etc.: | Robert and Katherine Thorn are as loving of ... Read More |
| Target Audience Note: | MPAA rating: R; for disturbing violent content, ... Read More |
| System Details Note: | DVD; region 1; NTSC; full screen (1.33:1) ... Read More |
| Language Note: | Closed-captioned; dialogue in English (5.1 Dolby ... Read More |
Search for related items by subject
| Subject: | Omens > Religious aspects > Drama. Parent and child > Drama. Prophecy > Drama. Good and evil > Drama. |
| Genre: | DVDs. Feature films. Horror films. Horror > Feature. Horror films. Video recordings for the hearing impaired. Videodiscs. DVD-Video discs. |
Search for related items by series
| LDR | 03400cgm a2200613Ia 4500 | ||
|---|---|---|---|
| 001 | 75995 | ||
| 003 | LARL_NWRL_CONSORTIUM | ||
| 005 | 20181011175307.0 | ||
| 007 | vd cvaizq | ||
| 008 | 060801s2006 cau110 g vleng d | ||
| 020 | . | ‡a9786310486116 | |
| 024 | 0 | . | ‡a024543374336 |
| 024 | 1 | . | ‡a024543374213 |
| 028 | 4 | 1. | ‡a2237433 ‡b20th Century Fox Home Entertainment |
| 035 | . | ‡a(OCoLC)70789222 | |
| 041 | 1 | . | ‡aeng ‡afre ‡aspa ‡beng ‡bspa ‡heng |
| 082 | 0 | 4. | ‡a791.43/72 ‡222 |
| 245 | 1 | 4. | ‡aThe omen / ‡c11:11 Mediaworks ; Twentieth Century Fox Film Corporation ; produced by John Moore, Glenn Williamson ; written by David Seltzer ; directed by John Moore. |
| 250 | . | ‡aFull screen ed. | |
| 260 | . | ‡aBeverly Hills, Calif. : ‡b20th Century Fox Home Entertainment, ‡c2006. | |
| 300 | . | ‡a1 videodisc (110 min.) : ‡bsd., col. ; 4 3/4 in. | |
| 490 | 0 | . | ‡aOmen collection ; ‡v1 |
| 538 | . | ‡aDVD; region 1; NTSC; full screen (1.33:1) presentation | |
| 546 | . | ‡aClosed-captioned; dialogue in English (5.1 Dolby Surround), French (Dolby Surround) or Spanish (Dolby Surround) with optional subtitles in English or Spanish.. | |
| 511 | 1 | . | ‡aLiev Schreiber, Julia Stiles, Mia Farrow, Giovanni Lombardo Radice, Seamus Davey-Fitzpatrick, Amy Huck, Pedja Bjelac, Carlo Sabatini, Bohumil Svarc. |
| 508 | . | ‡aDirector of photography, Jonathan Sela ; editor, Dan Zimmerman ; music, Marco Beltrami ; theme, Jerry Goldsmith ; costume designer, George L. Little ; production designer, Patrick Lumb. | |
| 521 | 8 | . | ‡aMPAA rating: R; for disturbing violent content, graphic images and some language. |
| 520 | . | ‡aRobert and Katherine Thorn are as loving of parents as any young boy could ask for, but as fate would have it, their new son Damien is far from the typical child. As the mysterious boy's growth begins to share frightening parallels with the Biblical passages detailing the rise of the Antichrist, and the lives of all who seek to reveal his true nature are cut gruesomely short, Robert and Katherine are forced to face the horrifying prospect that their child has been sent from Satan to hasten the fall of modern civilization, and that there is little they can do to curb his prophesied path of ultimate destruction. | |
| 500 | . | ‡aSpecial features: Never-before-seen alternate ending; Extended scenes; Director commentary; featurettes. | |
| 506 | . | ‡aFor private home use only. | |
| 650 | 0. | ‡aOmens ‡xReligious aspects ‡vDrama. | |
| 650 | 0. | ‡aParent and child ‡vDrama. ‡0(LARL_NWRL_CONSORTIUM)173936 | |
| 650 | 0. | ‡aProphecy ‡vDrama. | |
| 650 | 0. | ‡aGood and evil ‡vDrama. ‡0(LARL_NWRL_CONSORTIUM)169143 | |
| 655 | 0. | ‡aDVDs. | |
| 655 | 0. | ‡aFeature films. ‡0(LARL_NWRL_CONSORTIUM)175625 | |
| 655 | 0. | ‡aHorror films. ‡0(LARL_NWRL_CONSORTIUM)175653 | |
| 655 | 7. | ‡aHorror ‡vFeature. ‡2migfg | |
| 655 | 7. | ‡aHorror films. ‡2gsafd ‡0(LARL_NWRL_CONSORTIUM)175653 | |
| 655 | 0. | ‡aVideo recordings for the hearing impaired. ‡0(LARL_NWRL_CONSORTIUM)175744 | |
| 655 | 0. | ‡aVideodiscs. | |
| 655 | 0. | ‡aDVD-Video discs. | |
| 700 | 1 | . | ‡aSchreiber, Liev. ‡0(LARL_NWRL_CONSORTIUM)140448 |
| 700 | 1 | . | ‡aMoore, John, ‡d1970- ‡0(LARL_NWRL_CONSORTIUM)207240 |
| 700 | 1 | . | ‡aStiles, Julia. ‡0(LARL_NWRL_CONSORTIUM)92230 |
| 700 | 1 | . | ‡aFarrow, Mia, ‡d1945- ‡0(LARL_NWRL_CONSORTIUM)84316 |
| 700 | 1 | . | ‡aRadice, Giovanni Lombardo, ‡d1954- ‡0(LARL_NWRL_CONSORTIUM)208637 |
| 700 | 1 | . | ‡aDavey-Fitzpatrick, Seamus. |
| 700 | 1 | . | ‡aSela, Jonathan. |
| 700 | 1 | . | ‡aBeltrami, Marco. ‡0(LARL_NWRL_CONSORTIUM)125603 |
| 901 | . | ‡a75995 ‡bOCLC ‡c75995 ‡tbiblio | |

Add to basket
Permalink
Enable Highlighting